| 000 | 00376nam a2200133Ia 4500 | ||
|---|---|---|---|
| 008 | 231129s9999||||xx |||||||||||||| ||spa|| | ||
| 020 | _a958-9028-81-0 | ||
| 040 | _bspa | ||
| 082 | _a304.6 L864e | ||
| 100 | _aLopez Toro Alvaro | ||
| 245 | 0 | _aEnsayos sobre demografia y economía | |
| 264 | _aBanco de la Republica | ||
| 942 |
_2ddc _cBKS |
||
| 999 |
_c13150 _d13150 |
||